Statystyki dla Najdłuższa granica każdego kraju

Kliknij tutaj aby rozwiązać quiz!

Ogólne statystyki

  • Ten quiz został rozwiązany 24 razy
  • Średni wynik to 86 z 157

Statystyki odpowiedzi

KrajNajdłuższa granica% Poprawnych
AzerbejdżanArmenia
100%
ArmeniaAzerbejdżan
100%
ArgentynaChile
100%
BelgiaFrancja
100%
BangladeszIndie
100%
Arabia SaudyjskaJemen
100%
AustriaNiemcy
100%
ChileArgentyna
94%
ChinyMongolia
94%
BiałoruśRosja
94%
ChorwacjaBośnia i Hercegowina
88%
BoliwiaBrazylia
88%
Bośnia i HercegowinaChorwacja
88%
AlbaniaGrecja
88%
BelizeGwatemala
88%
AndoraHiszpania
88%
AlgieriaMaroko
88%
AfganistanPakistan
88%
BrazyliaBoliwia
82%
BhutanIndie
82%
BułgariaRumunia
82%
AngolaDemokratyczna Republika Konga
76%
BotswanaNamibia
76%
BeninNigeria
76%
LitwaBiałoruś
71%
Korea PółnocnaChiny
71%
MonakoFrancja
71%
Korea PołudniowaKorea Północna
71%
ŁotwaLitwa
71%
BruneiMalezja
71%
Burkina FasoMali
71%
CzechyNiemcy
71%
DaniaNiemcy
71%
EkwadorPeru
71%
FinlandiaRosja
71%
LiechtensteinSzwajcaria
71%
MarokoAlgieria
65%
JemenArabia Saudyjska
65%
KatarArabia Saudyjska
65%
LuksemburgBelgia
65%
IranIrak
65%
IrakIran
65%
EstoniaŁotwa
65%
HolandiaNiemcy
65%
HiszpaniaPortugalia
65%
LesothoRepublika Południowej Afryki
65%
KazachstanRosja
65%
GruzjaRosja
65%
KosowoSerbia
65%
KanadaStany Zjednoczone
65%
MeksykStany Zjednoczone
65%
CzadSudan
65%
EgiptSudan
65%
BurundiTanzania
65%
IrlandiaWielka Brytania
65%
KolumbiaBrazylia
59%
GujanaBrazylia
59%
GrecjaBułgaria
59%
MongoliaChiny
59%
KongoDemokratyczna Republika Konga
59%
HaitiDominikana
59%
LibiaEgipt
59%
Macedonia PółnocnaGrecja
59%
DominikanaHaiti
59%
NepalIndie
59%
IndonezjaMalezja
59%
EswatiniRepublika Południowej Afryki
59%
EtiopiaSomalia
59%
NorwegiaSzwecja
59%
MołdawiaUkraina
59%
KambodżaWietnam
59%
LaosWietnam
59%
NamibiaAngola
53%
JordaniaArabia Saudyjska
53%
OmanArabia Saudyjska
53%
ParagwajArgentyna
53%
IndieBangladesz
53%
NiemcyCzechy
53%
PolskaCzechy
53%
ErytreaEtiopia
53%
DżibutiEtiopia
53%
PortugaliaHiszpania
53%
MalezjaIndonezja
53%
MauretaniaMali
53%
GwatemalaMeksyk
53%
GambiaSenegal
53%
CzarnogóraBośnia i Hercegowina
47%
FrancjaBrazylia
47%
PeruBrazylia
47%
RumuniaBułgaria
47%
IzraelEgipt
47%
NikaraguaHonduras
47%
PakistanIndie
47%
Papua-Nowa GwineaIndonezja
47%
KuwejtIrak
47%
RosjaKazachstan
47%
PanamaKostaryka
47%
MaliMauretania
47%
MalawiMozambik
47%
NigerNigeria
47%
KamerunNigeria
47%
HondurasNikaragua
47%
KostarykaPanama
47%
LibanSyria
47%
GhanaTogo
47%
San MarinoWłochy
47%
Zjednoczone Emiraty ArabskieArabia Saudyjska
41%
SłoweniaChorwacja
41%
MozambikMalawi
41%
KirgistanUzbekistan
41%
WatykanWłochy
41%
LiberiaWybrzeże Kości Słoniowej
41%
Demokratyczna Republika KongaAngola
35%
Republika Południowej AfrykiBotswana
35%
WenezuelaBrazylia
35%
UrugwajBrazylia
35%
MjanmaChiny
35%
SomaliaEtiopia
35%
Gwinea RównikowaGabon
35%
Wielka BrytaniaIrlandia
35%
Stany ZjednoczoneKanada
35%
UzbekistanKazachstan
35%
GabonKongo
35%
SerbiaKosowo
35%
GwineaMali
35%
SenegalMauretania
35%
SzwecjaNorwegia
35%
UkrainaRosja
35%
WęgrySłowacja
35%
Sudan PołudniowySudan
35%
SudanSudan Południowy
35%
WłochySzwajcaria
35%
KeniaUganda
35%
SłowacjaWęgry
35%
SzwajcariaWłochy
35%
TunezjaAlgieria
29%
Republika ŚrodkowoafrykańskaDemokratyczna Republika Konga
29%
TogoGhana
29%
SurinamGujana
29%
Gwinea BissauGwinea
29%
SalwadorHonduras
29%
Timor WschodniIndonezja
29%
NigeriaKamerun
29%
TanzaniaKenia
29%
TajlandiaMjanma
29%
SyriaTurcja
29%
TurkmenistanUzbekistan
29%
TadżykistanAfganistan
24%
RwandaBurundi
24%
Sierra LeoneGwinea
24%
TurcjaIran
24%
UgandaKenia
24%
WietnamLaos
24%
CyprWielka Brytania
24%
ZambiaDemokratyczna Republika Konga
18%
Wybrzeże Kości SłoniowejLiberia
18%
ZimbabweMozambik
18%

Rozkład punktacji

Percentyl według liczby udzielonych odpowiedzi

Procent ludzi z każdym wynikiem

Twoja historia wyników

Nie rozwiązałeś tego quizu